| 000 | 00432nam a2200157Ia 4500 | ||
|---|---|---|---|
| 008 | 140527s9999 xx 000 0 und d | ||
| 020 | _a9788189913670 | ||
| 050 |
_aTX 911 _b.G977 2008 |
||
| 100 | _aGupta, Tarun | ||
| 245 |
_aFundamentals of hotel accountancy / _cTarun Gupta. |
||
| 260 |
_aNew Delhi, India : _bAlfa Publication, _cc2008. |
||
| 300 |
_a248p. : _c22 cm. |
||
| 521 | _aTOU | ||
| 942 |
_kFOR _cBK |
||
| 999 |
_c117380 _d117380 |
||